Diary of a wimpy kid / (Record no. 3520)

MARC details
000 -LEADER
fixed length control field 00907nam a22002657a 4500
001 - CONTROL NUMBER
control field 3520
003 - CONTROL NUMBER IDENTIFIER
control field FISKH
005 - DATE AND TIME OF LATEST TRANSACTION
control field 20260116093952.0
008 - FIXED-LENGTH DATA ELEMENTS--GENERAL INFORMATION
fixed length control field 240315b cb ||||| |||| 00| 0 eng d
020 ## - INTERNATIONAL STANDARD BOOK NUMBER
International Standard Book Number 9780141340821
040 ## - CATALOGING SOURCE
Original cataloging agency FISK
Language of cataloging eng
Transcribing agency FISK
Modifying agency FISK
050 ## - LIBRARY OF CONGRESS CALL NUMBER
Classification number PZ7.K6232
082 ## - DEWEY DECIMAL CLASSIFICATION NUMBER
Classification number 813.6
100 ## - MAIN ENTRY--PERSONAL NAME
Personal name Kinney Jeff
Dates associated with a name 1971-
245 ## - TITLE STATEMENT
Title Diary of a wimpy kid /
Remainder of title The ugly truth,
Statement of responsibility, etc. Jeff Kinney
260 ## - PUBLICATION, DISTRIBUTION, ETC.
Place of publication, distribution, etc. Britain :
Name of publisher, distributor, etc. Puffin Books,
Date of publication, distribution, etc. 2012
300 ## - PHYSICAL DESCRIPTION
Extent 217 pages :
Other physical details illustrations,
Dimensions 21 cm
490 ## - SERIES STATEMENT
Materials specified Diary of a wimpy kid
505 ## - FORMATTED CONTENTS NOTE
Formatted contents note U
520 ## - SUMMARY, ETC.
Summary, etc. While trying to find a new best friend after feuding with Rowley, middle-school slacker Greg Heffley is warned by older family members that adolescence is a time to act more responsibly and to think seriously about his future.
521 8# - TARGET AUDIENCE NOTE
Target audience note 1000
Source Lexile
700 ## - ADDED ENTRY--PERSONAL NAME
Personal name Jeff Kinney
942 ## - ADDED ENTRY ELEMENTS (KOHA)
Source of classification or shelving scheme Dewey Decimal Classification
Koha item type Books
Suppress in OPAC No
Holdings
Withdrawn status Lost status Source of classification or shelving scheme Damaged status Not for loan Collection Home library Current library Shelving location Date acquired Total Checkouts Full call number Barcode Date last seen Date last checked out Copy number Price effective from Koha item type
    Dewey Decimal Classification     Fiction Footprints International School Library Network Toul Tom Poung Campus Footprints International School Library Network Toul Tom Poung Campus TTP Secondary Fiction Bookshelves 03/15/2024 1 KIN PZ7.K6232 813.6 2024-0345 11/26/2025 08/20/2025 1 03/15/2024 Books